Statistics for Kirby Copy Abilities Quiz

Click here to take the quiz!

General Stats

  • This quiz has been taken 1,355 times
    (731 since last reset)
  • The average score is 41 of 68

Answer Stats

First AppearanceAnswer% Correct
Kirby's AdventureFire
97%
Kirby's AdventureIce
93%
Kirby's AdventureSword
93%
Kirby's Return to Dream LandWater
85%
Kirby's AdventureHammer
84%
Kirby's AdventureStone
84%
Kirby's AdventureCutter
78%
Kirby's AdventureBeam
76%
Kirby Super StarBomb
76%
Kirby Super StarFighter
75%
Kirby's AdventureCrash
74%
Kirby's AdventureMike
71%
Kirby's AdventureSpark
70%
Kirby's AdventureTornado
69%
Kirby's Return to Dream LandLeaf
68%
Kirby Super StarMirror
68%
Kirby's Return to Dream Land DeluxeSand
68%
Kirby's AdventureWheel
68%
Kirby's Return to Dream Land DeluxeMecha
66%
Kirby: Squeak SquadAnimal
65%
Kirby's AdventureBurning
65%
Kirby and the Forgotten LandRanger
65%
Kirby Super StarWing
65%
Kirby Super StarNinja
64%
Kirby's AdventureSleep
64%
Kirby and the Forgotten LandDrill
63%
Kirby's AdventureBall
62%
Kirby's AdventureHi Jump
62%
Kirby's AdventureNeedle
62%
Kirby's Return to Dream LandSpear
62%
Kirby's AdventureU.F.O.
61%
Kirby Super StarYo-yo
60%
Kirby Super StarPlasma
59%
Kirby's Triple DeluxeArcher
58%
Kirby's Triple DeluxeBeetle
57%
Kirby Super StarCook
57%
Kirby's AdventureFreeze
57%
Kirby's AdventureLight
57%
Kirby: Star AlliesSpider
57%
Kirby: Planet RobobotDoctor
56%
Kirby: Planet RobobotPoison
56%
Kirby Super StarSuplex
56%
Kirby's Return to Dream LandWhip
56%
Kirby's Dream Land 3Cleaning
55%
Kirby: Squeak SquadGhost
55%
Kirby Super StarPaint
55%
Kirby's AdventureParasol
55%
Kirby Super StarJet
53%
Kirby: Star AlliesStaff
53%
Kirby Super StarCopy
52%
Kirby: Planet RobobotESP
52%
Kirby and the Amazing MirrorMagic
52%
Kirby's Triple DeluxeCircus
51%
Kirby: Squeak SquadMetal
51%
Kirby and the Amazing MirrorSmash
51%
Kirby's Triple DeluxeBell
50%
Kirby: Squeak SquadBubble
49%
Kirby: Star AlliesFestival
49%
Kirby: Star AlliesArtist
47%
Kirby's AdventureLaser
47%
Kirby's AdventureThrow
47%
Kirby Fighters 2Wrestler
46%
Kirby and the Amazing MirrorCupid
45%
Kirby and the Amazing MirrorMini
45%
Kirby's Dream BuffetJelly
41%
Kirby's AdventureBackdrop
40%
Kirby: Canvas CurseBalloon
38%
Kirby and the Amazing MirrorMissile
38%

Score Distribution

Percentile by Number Answered

Percent of People with Each Score

Your Score History

You have not taken this quiz since the last reset